Stochastic processes and their applications

Αποθηκεύτηκε σε:
Λεπτομέρειες βιβλιογραφικής εγγραφής
Κύριος συγγραφέας: Beichelt, Frank E. 1942-
Άλλοι συγγραφείς: Fatti, Paul
Μορφή: Βιβλίο
Γλώσσα:English
Δημοσίευση: London ; New York : Taylor & Francis, 2002
Θέματα:
Ετικέτες: Προσθήκη ετικέτας
Δεν υπάρχουν, Καταχωρήστε ετικέτα πρώτοι!

MARC

LEADER 00000nam a2200000 i 4500
001 1/51168
008 070808s2002 eng d
020 |a 0-415-27232-7 
035 |l 10089649 
040 |a GR-MY-UA  |b gre  |e aacr 
041 0 |a eng 
082 0 |a 519.23  |2 (22) 
100 1 |a Beichelt, Frank E.  |d 1942- 
245 1 0 |a Stochastic processes and their applications /  |c Frank E. Beichelt and L. Paul Fatti 
260 |a London ; New York :   |b Taylor & Francis,   |c 2002 
300 |a xii, 326 σ.;  |b εικ.;  |c 25 εκ. 
504 |a Περιλαμβάνει βιβλιογραφίες και ευρετήριο 
650 0 0 |a Stochastic processes. 
700 1 |a Fatti, Paul. 
852 |a INST  |b CHIOS  |e 20070808  |h 519.23 BEI  |p 005200025801  |q 005200025801  |t BK  |y 0 
901 |a BIBL2-2007-2 
909 |a Χ  |b 136954 
922 |a 2ΕΛΗ  |b 200707  |c ΕΠΕΑΕΚ2/ΤΜΟΔ  |d ΠΑΠΑΣΩΤΗΡΙΟΥ 
970 |a ΒΑΡΦΗΣ  |b ΒΑΓΓΕΛΗΣ  |z 2007/08/08